Normal view MARC view
  • Buzzotta, V. Ralph,

Entry Personal Name

Number of records used in: 1

001 - CONTROL NUMBER

  • control field: 6975

003 - CONTROL NUMBER IDENTIFIER

  • control field: OSt

005 - DATE AND TIME OF LATEST TRANSACTION

  • control field: 20170523092037.0

008 - FIXED-LENGTH DATA ELEMENTS

  • fixed length control field: 170523|| aca||aabn | a|a d

040 ## - CATALOGING SOURCE

  • Original cataloging agency: OSt
  • Transcribing agency: OSt

100 ## - HEADING--PERSONAL NAME

  • Personal name: Buzzotta, V. Ralph,
  • Dates associated with a name: 1931-

670 ## - SOURCE DATA FOUND

  • Source citation: Work cat.: (OSt)0: Lefton, Robert Eugene, 1931- 6974, Leadership through people skills /, 2004
Pusat Sumber Maklumat Dato' Haji Sarmin Md Hussin, Akademi Kastam Diraja Malaysia, Melaka
Tel: 06-2331106 | Faks: 06-2313787